00383nam a2200145Ia 4500008004100000040001900041041001200060082002000072100002000092245003900112260003600151300001800187650001400205850001800219131103s9999 xx 000 0 und d aLoreto College aEnglish a920/FLYbLCLIB/ aIdriess, Iol L. aFlynn of the inlandcIon L.Idriess aLondonbAngus & robertsonc1951 a242p c 21cm. aBiography aLCLIB/920/FLY